| 000 | 00589nam a2200217Ia 4500 | ||
|---|---|---|---|
| 003 | OSt | ||
| 005 | 20260326085818.0 | ||
| 008 | 210210b2002 xxu||||| |||| 00| 0 eng d | ||
| 020 | _a81 87321 55 5 | ||
| 040 | _cAL | ||
| 041 | _aKannada | ||
| 082 | _a305.4K NEMM | ||
| 100 |
_aNEMICHANDRA. _dನೇಮಿಚಂದ್ರ _9259311 |
||
| 245 |
_aMahila adhyayana. _bಮಹಿಳಾ ಅಧ್ಯಯನ |
||
| 260 |
_aBengaluru _bAnkita Pustaka _c2002 |
||
| 300 | _a150 | ||
| 650 |
_aMahile Woman Women _9259312 |
||
| 690 |
_aWomen Studies _9259313 |
||
| 906 | _a058267 | ||
| 942 |
_2ddc _cBK |
||
| 999 |
_c105436 _d105436 |
||